00509nam a2200193 a 4500001001300000003000900013005001700022008004100039020002300080082001800103100001700121245005000138260002500188300000900213500003500222505001700257650002400274700001700298nice12345678IN_TiNIC20260116014855.0111213s2008 dela grp 000 0 eng  a9788184580570c32500a291.172bSAM7 aSamuel, John aAbraham and Isaac in Interfaith Pe Rspectives aDelhi bISPCK c2008 a312p aincludes index and biblioraphy2 aBibliography aInterfaith Dialogue1 aSamuel, John